| 000 | 00496nam a2200157 a 4500 | ||
|---|---|---|---|
| 001 | 000027669 | ||
| 005 | 20200930031014.0 | ||
| 008 | 110404s2004 dr 000 0 spa d | ||
| 040 |
_aDO-SdBNP _bspa _cBNPHU |
||
| 082 |
_axxxx _bR457d |
||
| 100 | 1 |
_aReyes Félix, Willian _954754 |
|
| 245 | 1 | 0 |
_aDiscusión del pene con la vagina / _cWillian Reyes Félix. |
| 260 |
_aSan Francisco de Macorís, República Dominicana : _bImpresora del Nordeste, _c2004. |
||
| 300 |
_a52 p. ; _c22 cm. |
||
| 049 | _aBNPD | ||
| 999 |
_c27161 _d27161 |
||